| 000 | 00000nam 2200000za 4500 |
| 001 | 9.845567 |
| 003 | CaOODSP |
| 005 | 20221107153009 |
| 007 | cr ||||||||||| |
| 008 | 171016s2017 onc #o f000 0 eng d |
| 020 | |a978-0-660-23597-4 |
| 040 | |aCaOODSP|beng |
| 043 | |an-cn--- |
| 086 | 1 |aFA1-23/2017-2-1E-PDF |
| 110 | 1 |aCanada. |bOffice of the Auditor General. |
| 245 | 10|aPhoenix pay problems |h[electronic resource]. |
| 260 | |a[Ottawa] : |bOffice of the Auditor General of Canada, |cc2017. |
| 300 | |a35 p. |
| 490 | 1 |aReports of the Auditor General of Canada to the Parliament of Canada, |x2561-343X ; |vFall 2017, report 1 |
| 500 | |aIssued also in French under title: Les problèmes liés au système de paye Phénix. |
| 520 | |a"This audit examined whether Public Services and Procurement Canada, working with selected departments and agencies, resolved pay problems in a sustainable way to ensure that federal government employees would receive their correct pay, on time"--p. 3. |
| 530 | |aIssued also in print format. |
| 692 | 07|2gccst|aAudit |
| 692 | 07|2gccst|aSalaries |
| 775 | 08|tLes problèmes liés au système de paye Phénix |w(CaOODSP)9.845670 |
| 776 | 0#|tPhoenix pay problems |w(CaOODSP)9.845523 |
| 830 | #0|aReports of the Auditor General of Canada to the Parliament of Canada,|x2561-343X ; |vFall 2017, report 1|w(CaOODSP)9.846691 |
| 856 | 40|qPDF|s988 KB|uhttps://publications.gc.ca/collections/collection_2017/bvg-oag/FA1-23-2017-2-1-eng.pdf |